00292 a2200121 450000500170000002000180001708200120003510000160004724500250006325000120008826000310010030000390013120250626061024.0 a0-07-253979-8 a300 MCN aMcNemara, T aContemporary English a2nd Ed. aChicagobMcGraw-Hillc2003 avii, 122p. : ill. ; drawingsc27cm